00962nam a2200229Ia 4500003000900000008004100009040001300050040001300063041000800076100002100084100000900105245010500114250001000219260002900229260000900258300001000267490000700277600021600284942000700500999001700507952020800524IT-RoPAU120407s9999 xx 000 0 und d aIT-RoPAU cIT-RoPAU aita aFrancesco Chiesa ccan. aLectiones Theologiae dogmaticae recentiori mentalitati et necessitati accomodatae. 4 Voll. 1930-33.  aAlba  aPia Società San Paolo  c1933 c24 cm v44 a" Vol. 1°: De const. theologicae mentalitatis. Vol. 2° De Deo Uno - Trino. De Deo Patre. Vol. 3° De Deo Filio. De Deo Spiritu Sancto. Vol. 4° De Sacramentis.... et orationes.. " cBK c23695d23695 00102ddc406OCC__1215_00000000000000071aPAULUSbPAULUSd2012-04-11l0oOCC.1215r2012-04-11 00:00:00w2012-04-11yBKzInserito da: Sergio In data: 27 settembre 2011 fondo: Via A.Severo 56 Progr:23950